| 000 | 00380cam a22001217a 4500 | ||
|---|---|---|---|
| 008 | 180718b1971 xxu||||| |||| 00| 0 eng d | ||
| 082 | _aR11x54 N213/c.2 | ||
| 100 | _aBhoothalingam .s | ||
| 245 |
_aEmployment with growth _cby S.bhoothalingam |
||
| 260 |
_aNew delhi _bV.g.k.thathacgary,registrar and secretary, national council _c1971 |
||
| 300 | _a16p. | ||
| 650 | _aIndia employment | ||
| 999 |
_c502540 _d502540 |
||